CompTIA Security+ 7 - Statistics

General Stats
  • This quiz has been taken 3 times
  • The average score is 7 of 22
Answer Stats
Hint Answer % Correct
ISP Internet Service Provider
100%
LAN Local Area Network
100%
IR Incident Response
67%
IoT Internet of Things
67%
IP Internet Protocol
67%
IPS Intrusion Prevention System
67%
IoC Indicators of Compromise
33%
IV Initialization Vector
33%
IKE Internet Key Exchange
33%
IMAP4 Internet Message Access Protocol v4
33%
IPSec Internet Protocol Security
33%
L2TP Layer 2 Tunneling Protocol
33%
IRP Incident Response Plan
0%
ISSO Information Systems Security Officer
0%
IM Instant Message
0%
ISA Interconnection Security Agreement
0%
ISFW Internal Segmentation Firewall
0%
ISO International Organization for Standardization
0%
IRC Internet Relay Chat
0%
ITCP IT Contingency Plan
0%
KDC Key Distribution Center
0%
KEK Key Encryption Key
0%
No matching quizzes found
Score Distribution
Percent of People with Each Score
Percentile by Number Answered
Your Score History
You have not taken this quiz